00309nam a2200109Ia 4500008004100000082000900041100002000050245003500070260002400105630003500129730003500164100328s9999 xx 000 0 und d b2854 aMiller Thomas H aPhotography Its Means and Ends bGarden City Pub.Co. aPhotography Its Means and Ends aPhotography Its Means and Ends